000 00583nam a2200241 a 4500
001 nice12345678
003 IN_TiNIC
005 20260116013321.0
008 050524s1993 dela grp 000 0 eng
020 _a8185107
_c80
082 0 0 _a823
_bCHU
100 _aChughtai, Ismat
245 _aHeart Breaks Free the Wild One
260 _aDelhi
_bKali for Women
_c1993
300 _a153p
500 _aincludes index and biblioraphy
505 2 _aIndex
650 _aEnglish-Fiction
700 1 _aChughtai, Ismat
902 _bSRS
942 _cBK
999 _c10530
_d10530